000 00730nam a22002177a 4500
999 _c1915
_d1915
003 AR-CdUCM
008 190228b ||||| |||| 00| 0 spa d
040 _aMUNICIPALIDAD PROVINCIAL DEL CUSCO
_cBIBLIOTECA MUNICIPAL DEL CUSCO
082 _a342.03 /
_bM86
100 _aMuelle Góngora, Edgard
_96997
245 _aDiccionario Enciclopédico de Derecho Internacional /
260 _aCusco :
_bEdmundo Pantigoso,
_c2001.
300 _a314 paginas ;
_c20 cm.
505 _aDiccionario Enciclopédico.
650 _aDerechos humanos
_93264
650 _aConvención de Naciones Unidas
_96998
650 _aTratados Internacionales
_96999
650 _aRégimen jurídico
_97000
942 _2ddc
_cLIBROS
945 _awnts
_d2019-02-28